LEADER 01009nam0-22003731i-450 001 990001605810403321 005 20190110092320.0 035 $a000160581 035 $aFED01000160581 035 $a(Aleph)000160581FED01 035 $a000160581 100 $a20030910d1974----km-y0itay50------ba 101 0 $aita 102 $aIT 200 1 $aElementi di estimo civile, rurale e catastale$fGiuseppe Medici 205 $a8. ed 210 $aBologna$cEdagricole$d1974 215 $aXVIII, 545 p.$d23 cm 610 0 $aEstimo civile 610 0 $aEstimo catastale 610 0 $aEstimo rurale 676 $a333.335 676 $a333.337 676 $a333.332 700 1$aMedici,$bGiuseppe$f<1907-2000>$03599 801 0$aIT$bUNINA$gRICA$2UNIMARC 901 $aBK 912 $a990001605810403321 952 $a330-60$b246$fDMVBF 952 $a60 333.332 B 48$b45138$fFAGBC 959 $aFAGBC 959 $aDMVBF 996 $aElementi di estimo civile, rurale e catastale$9368413 997 $aUNINA LEADER 00778nam0-22002771i-450 001 990001700900403321 005 20190529131354.0 035 $a000170090 035 $aFED01000170090 035 $a(Aleph)000170090FED01 035 $a000170090 100 $a20030910d1935----km-y0itay50------ba 101 0 $ager 200 1 $aAnalyse, syntese und ganzheit in der biologie$fMax Hartmann 210 $aBerlin$cAkademie der Wissenschaften$d1935 215 $a28 p.$d26 cm 610 0 $aBiologia 676 $a574 700 1$aHartmann,$bMax$073335 801 0$aIT$bUNINA$gRICA$2UNIMARC 901 $aLG 912 $a990001700900403321 952 $a60 OP. 18/32$b32362$fFAGBC 959 $aFAGBC 996 $aAnalyse, syntese und ganzheit in der biologie$9362429 997 $aUNINA